|
|
|
|
| LEADER |
01016cam a22002531 4500 |
| 001 |
9390185 |
| 003 |
GR-PaULI |
| 005 |
20210320181706.0 |
| 008 |
730302s1964 ilu 000 0 eng |
| 952 |
|
|
|0 0
|1 0
|2 ddc
|4 0
|6 303_660000000000000_WRI
|7 0
|9 237961
|a LISP
|b LISP
|c BSC
|d 2019-12-20
|i 1725
|l 0
|o 303.66 WRI
|p 025000103662
|r 2019-12-20 00:00:00
|t 1
|v 2019.00
|w 2019-12-20
|y BK15
|
| 999 |
|
|
|c 143823
|d 143823
|
| 010 |
|
|
|a 64019850
|
| 040 |
|
|
|a DLC
|c GR-PaULI
|b gre
|e AACR2
|
| 082 |
0 |
4 |
|a 303.66
|2 23
|
| 100 |
1 |
|
|a Wright, Quincy,
|d 1890-1970
|9 179328
|e συγγραφέας.
|
| 245 |
1 |
2 |
|a A study of war /
|c Wright Quincy ; abridged by Louise Leonard Wright.
|
| 250 |
|
|
|a Abridged ed.
|b
|
| 260 |
|
|
|a Chicago :
|b University of Chicago Press,
|c [1964].
|
| 300 |
|
|
|a xiv, 451 σ. ;
|c 20 εκ.
|
| 650 |
|
4 |
|a Πόλεμος
|9 6105
|
| 650 |
|
4 |
|a Στρατιωτική τέχνη και επιστήμη
|9 5692
|
| 700 |
1 |
|
|a Wright, Louise Leonard,
|d 1896-
|9 179329
|e επιμελητής.
|
| 942 |
|
|
|2 ddc
|c BK15
|
| 998 |
|
|
|c ΜΠΟΥΡΑΣ
|d 2019-12
|